[Event "COL-ch U18"]
[Site "Florencia Caqueta"]
[Date "2024.10.06"]
[Round "3"]
[White "Largo Chaparro, Sofia Alejandra"]
[Black "Cuellar Gomez, Cristina"]
[Result "1-0"]
[WhiteElo "1846"]
[BlackElo "1424"]
[PlyCount "81"]
[EventDate "2024.10.06"]
[EventType "swiss (blitz)"]
[EventRounds "9"]
[EventCountry "COL"]
[SourceTitle "CB44_2024"]
[Source "Chessbase"]
[SourceDate "2024.10.30"]
[SourceVersion "1"]
[SourceVersionDate "2024.10.30"]
[SourceQuality "1"]

1. d4 d5 2. Nf3 Nc6 3. Bf4 Nf6 4. e3 Bg4 5. c4 dxc4 6. Bxc4 e6 7. Nc3 a6 8. h3 Bh5 9. 0-0 Bd6 10. Bh2 0-0 11. Be2 Bg6 12. Rc1 h6 13. Qb3 Rb8 14. Rfd1 Ne7 15. Ne5 Re8 16. Bd3 Bxd3 17. Rxd3 Qc8 18. Rd2 Nc6 19. Nxc6 bxc6 20. Qc2 Bb4 21. a3 Bxc3 22. Qxc3 Ne4 23. Qd3 Nxd2 24. Qxd2 Qd7 25. b4 Re7 26. Qd3 Rd8 27. Qxa6 Qd5 28. Rxc6 Ree8 29. Rxc7 Ra8 30. Qd3 Qa2 31. Bg3 Rxa3 32. Qb5 Qd5 33. Qxe8+ Kh7 34. Qxf7 Qg5 35. Bf4 Ra1+ 36. Kh2 Qg6 37. Qxg6+ Kxg6 38. b5 Ra2 39. Kg3 Rb2 40. Rb7 Rb4 41. b6 1-0

[Event "COL-ch U18"]
[Site "Florencia Caqueta"]
[Date "2024.10.06"]
[Round "1"]
[White "Rivera Burgos, Aura Daniela"]
[Black "Cuellar Gomez, Cristina"]
[Result "0-1"]
[WhiteElo "1493"]
[BlackElo "1424"]
[PlyCount "90"]
[EventDate "2024.10.06"]
[EventType "swiss (blitz)"]
[EventRounds "9"]
[EventCountry "COL"]
[SourceTitle "CB44_2024"]
[Source "Chessbase"]
[SourceDate "2024.10.30"]
[SourceVersion "1"]
[SourceVersionDate "2024.10.30"]
[SourceQuality "1"]

1. d4 d5 2. Bf4 Nc6 3. Nf3 Nf6 4. Nbd2 Bf5 5. c3 e6 6. Nh4 Bg6 7. e3 Be7 8. Nxg6 hxg6 9. Qb3 Rb8 10. f3 a6 11. c4 Bd6 12. c5 Bxf4 13. exf4 Nd7 14. a4 Qf6 15. Rc1 Qxd4 16. Qc3 Qxc3 17. bxc3 Nxc5 18. Ra1 Kd8 19. c4 Nb4 20. Kf2 Ncd3+ 21. Bxd3 Nxd3+ 22. Ke3 Nb4 23. Rhc1 Re8 24. Kd4 c5+ 25. Kc3 Rc8 26. cxd5 Nxd5+ 27. Kc2 Nb4+ 28. Kb3 Re7 29. Ne4 b6 30. a5 Nd5 31. axb6 Nxb6 32. Nxc5 Rec7 33. Rd1+ Ke7 34. Nxa6 Rc3+ 35. Kb4 R8c4+ 36. Kb5 Rb3+ 37. Ka5 Re3 38. Nb4 Nd7 39. Kb5 Rc5+ 40. Ka4 Rc4 41. Kb5 Rc5+ 42. Ka4 Rec3 43. Rdb1 R3c4 44. Kb3 Rc3+ 45. Ka4 Nb6# 0-1